[Event "16th OIBM 2012"]
[Site "Bad Wiessee GER"]
[Date "2012.11.04"]
[Round "9.22"]
[White "Schulz,M1"]
[Black "Welling,G"]
[Result "0-1"]
[WhiteElo "2242"]
[BlackElo "2344"]

1.d4 g6 2.e4 Bg7 3.Nc3 d6 4.Be2 Nd7 5.h4 h5 6.Bg5 c5 7.Nf3 cxd4 8.Nxd4 Ngf6
9.Qd2 a6 10.O-O-O Nc5 11.f3 Bd7 12.Kb1 b5 13.a3 Rb8 14.Nb3 Nxb3 15.cxb3 Be6
16.Bxf6 Bxf6 17.Nd5 Bxd5 18.Qxd5 Qb6 19.Rd2 Rc8 20.Qd3 Be5 21.g4 hxg4 22.fxg4 e6
23.h5 g5 24.Rc2 Rxc2 25.Qxc2 O-O 26.h6 Kh7 27.Rh5 Qd4 28.Ka2 Rc8 29.Qb1 Qd2  0-1

[Event "TCh-CZE Extraliga 2012-13"]
[Site "Czech Republic CZE"]
[Date "2012.11.04"]
[Round "2.6"]
[White "Jansa,Vl"]
[Black "Orsag,Mil1"]
[Result "1/2-1/2"]
[WhiteElo "2451"]
[BlackElo "2393"]

1.e4 d6 2.d4 g6 3.Nc3 Bg7 4.Be3 c6 5.Qd2 Nd7 6.Nf3 b5 7.Bd3 Bb7 8.O-O a6
9.a4 Ngf6 10.Bh6 O-O 11.Bxg7 Kxg7 12.e5 Ne8 13.Rad1 Nc7 14.exd6 exd6 15.Ne4 Nf6
16.Rfe1 Re8 17.Nfg5 Nxe4 18.Nxe4 Nd5 19.c3 Nf6 20.Re3 Nxe4 21.Bxe4 Qg5 22.Bf3 Rxe3
23.Qxe3 Qxe3 24.fxe3 Rb8 25.Ra1 Ra8 26.Kf2 Kf6 27.Ke2 Ke6 28.Kd3 d5 29.e4 Kd6
30.g4 f6 31.h4 h6 32.Ke3 g5 33.hxg5 hxg5 34.Kf2 Re8 35.exd5 cxd5 36.axb5 axb5
37.Rh1 Bc6 38.Rh6 Ke7 39.b3 Ra8 40.c4 Ra2+ 41.Ke1 dxc4 42.Bxc6 cxb3 43.Bxb5 Ra1+
44.Ke2 b2 45.Bd3 b1=Q 46.Bxb1 Rxb1 47.Kf3 Rd1 48.Ke4 Ke6 49.d5+ Ke7 50.Rh7+ Kd6
51.Ra7 Re1+ 52.Kd4 Rd1+  1/2-1/2

[Event "Chigorin Memorial"]
[Site "St Petersburg RUS"]
[Date "2012.11.04"]
[Round "9.37"]
[White "Kashtanov,R"]
[Black "Levin,Ev"]
[Result "0-1"]
[WhiteElo "2356"]
[BlackElo "2516"]

1.e4 g6 2.d4 Bg7 3.Nc3 d6 4.Be3 a6 5.a4 b6 6.Qd2 Bb7 7.f3 Nd7 8.h4 h5 9.Nh3 e6
10.Bg5 Ngf6 11.O-O-O Qb8 12.Bc4 b5 13.Ba2 c6 14.Bf4 O-O 15.Ng5 Re8 16.g4 Qc7
17.Ne2 bxa4 18.Qb4 a5 19.Qxa4 c5 20.dxc5 Nxc5 21.Qa3 Red8 22.Ng3 hxg4 23.h5 gxh5
24.Nxh5 Nxh5 25.Rxh5 Rac8 26.Rd2 Qb6 27.Be3 Qb4 28.fxg4 Nxe4 29.Qxb4 axb4
30.Nxe4 Bxe4 31.Rb5 Ra8 32.Bb1 Ra4 33.Bd4 b3 34.Bxg7 bxc2 35.Rxc2 Kxg7 36.b3 Ra1
37.Rb4 Bxc2 38.Kxc2 Rh8 39.Kb2 Ra5 40.Rb6 Rh2+ 41.Kc3 Rg2  0-1

[Event "Chigorin Memorial"]
[Site "St Petersburg RUS"]
[Date "2012.11.04"]
[Round "9.19"]
[White "Rozum,I"]
[Black "Andriasian,Z"]
[Result "1/2-1/2"]
[WhiteElo "2498"]
[BlackElo "2604"]

1.d4 d6 2.e4 g6 3.Nc3 Bg7 4.f4 a6 5.Nf3 b5 6.Bd3 Bb7 7.e5 Nd7 8.Ne4 c5 9.c3 c4
10.Bc2 Qb6 11.Qe2 d5 12.Neg5 e6 13.h4 h6 14.Nxf7 Kxf7 15.h5 gxh5 16.Nh4 Ne7
17.Qxh5+ Kg8 18.g4 Qd8 19.Be3 Nc5 20.dxc5 d4 21.Bxd4 Bxh1 22.f5 Bc6 23.f6 Be8
24.fxe7 Qxe7 25.Ng6 Bxg6 26.Bxg6 Qg5 27.a4 Qf4 28.Bc2 Rf8 29.Qg6 Qf1+ 30.Kd2 Qf4+
31.Ke1 Qf1+ 32.Kd2 Qf4+ 33.Ke1  1/2-1/2

[Event "Subzonal 2.3 2012"]
[Site "Pamplona COL"]
[Date "2012.11.06"]
[Round "4.17"]
[White "Ruiz Aguilar,P"]
[Black "Angulo Pimienta,Angel Gabriel"]
[Result "1-0"]
[WhiteElo "2339"]
[BlackElo "1969"]

1.e4 d6 2.d4 g6 3.Nc3 Bg7 4.Bg5 c6 5.Qd2 b5 6.h4 h5 7.Nh3 Nd7 8.f3 Nb6 9.Be2 Nc4
10.Bxc4 bxc4 11.Be3 Nh6 12.Nf2 d5 13.Na4 dxe4 14.fxe4 Ng4 15.Nxg4 Bxg4 16.Qc3 O-O
17.Qxc4 e5 18.d5 cxd5 19.Qxd5 Qc8 20.O-O Qxc2 21.Rxf7 Rxf7 22.Qxa8+ Kh7 23.Qd5 Rd7
24.Qb3 Qe2 25.Nc5 Rc7 26.Rf1 Bh6 27.Bxh6 Kxh6 28.Qc3 a5 29.a3 a4 30.Rf2 Qd1+
31.Kh2 Qd6 32.Qe3+ Kh7 33.Nxa4 Rc4 34.Rf7+ Kg8 35.Qa7 Be6 36.Rg7+ Kf8 37.Rh7  1-0

[Event "Subzonal 2.3 2012"]
[Site "Pamplona COL"]
[Date "2012.11.06"]
[Round "4.20"]
[White "Arismendi Polanco,Efrain Steven"]
[Black "Ojeda,Je"]
[Result "0-1"]
[WhiteElo "1760"]
[BlackElo "2082"]

1.e4 g6 2.d4 Bg7 3.Nc3 d6 4.Be3 c6 5.Qd2 e6 6.f3 a6 7.Nge2 h5 8.Ng3 Nf6 9.Bd3 b5
10.a3 Qc7 11.Qf2 Nbd7 12.O-O c5 13.dxc5 dxc5 14.h4 Rb8 15.Be2 Bb7 16.Rfd1 Ng8
17.f4 Bf6 18.f5 Bxh4 19.fxe6 fxe6 20.Rxd7 Qxd7 21.Rf1 Qg7 22.Bxc5 Ne7 23.Bxe7 Qxe7
24.Nxb5 Rf8 25.Nc7+ Kd7  0-1

[Event "US Chess League 2012"]
[Site "ICC INT"]
[Date "2012.11.07"]
[Round "10"]
[White "Stripunsky,A"]
[Black "Gelashvili,T"]
[Result "0-1"]
[WhiteElo "2566"]
[BlackElo "2578"]

1.e4 d6 2.d4 g6 3.Nc3 Bg7 4.Be3 a6 5.a4 Nf6 6.h3 O-O 7.Nf3 Nc6 8.Be2 e5 9.d5 Ne7
10.Nd2 c6 11.Nc4 cxd5 12.Bb6 Qd7 13.exd5 Nf5 14.O-O Qe7 15.Re1 Bd7 16.Ra3 Rac8
17.Rb3 Nh5 18.Bf1 Nh4 19.Rb4 Nf4 20.Ne3 Rxc3 21.bxc3 e4 22.Bd4 Nxh3+ 23.gxh3 Nf3+
24.Kh1 Qh4 25.Qxf3 exf3 26.Bxg7 Qxf2 27.Bxf8 Kxf8 28.Rbb1 Qg3 29.Red1 f2
30.Bg2 Bxh3 31.Rd3 f5 32.Rf1 f4 33.Rxf2 Qxf2  0-1

[Event "38th ch-BAN 2012"]
[Site "Dhaka BAN"]
[Date "2012.11.08"]
[Round "1.6"]
[White "Ahmed,Mah"]
[Black "Rahman,Zia"]
[Result "0-1"]
[WhiteElo "2233"]
[BlackElo "2525"]

1.e4 g6 2.d4 Bg7 3.Nc3 d6 4.Be3 a6 5.Qd2 b5 6.f3 Nd7 7.g4 Nb6 8.h4 h5 9.g5 e6
10.O-O-O Ne7 11.Qf2 b4 12.Nb1 a5 13.Nd2 Bd7 14.Ne2 Qb8 15.Ng3 d5 16.Bf4 Na4
17.Nb3 Qb6 18.Bd3 Nxb2 19.Kxb2 a4 20.e5 axb3 21.cxb3 Ra5 22.Be3 O-O 23.Kb1 Qa7
24.f4 Ra8 25.Rh2 Ra3 26.Qc2 Nc6 27.Ne2 Rxa2  0-1

[Event "WY GU16 2012"]
[Site "Maribor SLO"]
[Date "2012.11.08"]
[Round "1.40"]
[White "Lasya,G"]
[Black "Orlina,Laura"]
[Result "1-0"]
[WhiteElo "1961"]
[BlackElo "1618"]

1.e4 g6 2.d4 Bg7 3.Nc3 d6 4.g3 Nc6 5.Be3 Nf6 6.h3 O-O 7.Bg2 e5 8.Nge2 Qe7
9.O-O Re8 10.Qd2 exd4 11.Nxd4 Ne5 12.Qe2 c6 13.f4 Ned7 14.Qf2 Nxe4 15.Nxe4 d5
16.f5 dxe4 17.Rae1 c5 18.Nb5 Nf6 19.fxg6 fxg6 20.Bxc5 Qd7 21.Nd6 Re6 22.Nxe4 Nxe4
23.Rxe4 Rxe4 24.Bxe4 Qxh3 25.Qf7+ Kh8 26.Qe8+  1-0

[Event "WY GU16 2012"]
[Site "Maribor SLO"]
[Date "2012.11.09"]
[Round "2.41"]
[White "Ozturk,H"]
[Black "Orlina,Laura"]
[Result "0-1"]
[WhiteElo "1818"]
[BlackElo "1618"]

1.e4 g6 2.d4 Bg7 3.Nc3 d6 4.Be3 c6 5.Qd2 Nd7 6.f3 b5 7.Nge2 Nb6 8.b3 b4 9.Nd1 c5
10.Nb2 a5 11.a4 Ba6 12.c4 bxc3 13.Nxc3 Bxf1 14.Rxf1 cxd4 15.Bxd4 Nf6 16.Kf2 O-O
17.Rfd1 e5 18.Be3 d5 19.exd5 e4 20.fxe4 Ng4+ 21.Kg1 Qc7 22.d6 Qxc3 23.Bxb6 Qxb2
24.Rab1 Qxd2 25.Rxd2 Bf6 26.d7 Bd8 27.Bc5 Bg5 28.Rd3 Rfb8 29.Rg3 h5 30.h3 Bf4
31.Rd3 Ne5 32.Rd4 Nc6 33.Rc4 Be5  0-1

[Event "WY BU14 2012"]
[Site "Maribor SLO"]
[Date "2012.11.10"]
[Round "3.70"]
[White "Dodu,Iulian Laurentiu"]
[Black "Kodric,Tilen"]
[Result "1-0"]
[WhiteElo "1843"]
[BlackElo "1497"]

1.e4 d6 2.d4 g6 3.Nc3 Bg7 4.Be3 Nf6 5.Qd2 Ng4 6.Bg5 h6 7.Bh4 O-O 8.f3 Nf6
9.O-O-O c6 10.Bf2 b5 11.Be3 Kh7 12.g4 Nfd7 13.h4 Nb6 14.Nh3 Nc4 15.Bxc4 bxc4
16.h5 g5 17.Bxg5 hxg5 18.Nxg5+ Kh8 19.h6 Bf6 20.Nh3 e5 21.dxe5 dxe5 22.Qg2 Bg5+
23.f4 Bxf4+ 24.Kb1 Qf6 25.g5 Bxh3 26.Qxh3 Bxg5 27.Rdg1 Kh7 28.Qg4 Bf4 29.Qg7+  1-0

[Event "WY BU18 2012"]
[Site "Maribor SLO"]
[Date "2012.11.10"]
[Round "3"]
[White "Zhou,Y"]
[Black "Liu,Chang"]
[Result "1/2-1/2"]
[WhiteElo "2418"]
[BlackElo "2336"]

1.e4 d6 2.d4 g6 3.Nc3 Bg7 4.Be3 c6 5.Qd2 Nf6 6.Nf3 O-O 7.h3 Nbd7 8.Bd3 e5
9.dxe5 dxe5 10.O-O Qe7 11.Ne2 Re8 12.Qc3 Bf8 13.Ng3 Qb4 14.Bd2 Qxc3 15.Bxc3 Bd6
16.b4 Bc7 17.a3 a5 18.Bb2 Bd6 19.Bc3 Bc7 20.Bb2 Bd6 21.Bc3 Bc7  1/2-1/2

[Event "WY GU18 2012"]
[Site "Maribor SLO"]
[Date "2012.11.10"]
[Round "3.14"]
[White "Akshaya,A"]
[Black "Klek,H"]
[Result "1/2-1/2"]
[WhiteElo "1999"]
[BlackElo "2254"]

1.e4 g6 2.d4 Bg7 3.Nc3 d6 4.Be3 a6 5.a4 b6 6.Nf3 Bb7 7.Bc4 e6 8.O-O Nf6 9.d5 e5
10.Nd2 O-O 11.Be2 Nbd7 12.Nb3 Ne8 13.Qd2 Bc8 14.f4 exf4 15.Bxf4 Ne5 16.Nd4 Bd7
17.Rad1 Qc8 18.h3 Qb7 19.Rf2 c5 20.Nf3 Nxf3+ 21.Rxf3 b5 22.axb5 axb5 23.Rdf1 b4
24.Nd1 Bb5 25.c4 bxc3 26.bxc3 Bxe2 27.Qxe2 Qe7 28.Qd3 Ra3 29.Bc1 Ra4 30.Nf2 h5
31.Bf4 Ra3 32.Qc2 c4 33.Rb1 Qa7 34.Qd2 Ra2 35.Rb2 Ra1+ 36.Kh2 h4 37.Bg5 Be5+
38.Bf4 Bg7 39.Bg5 Be5+ 40.Bf4  1/2-1/2

[Event "WY GU18 2012"]
[Site "Maribor SLO"]
[Date "2012.11.11"]
[Round "4"]
[White "Lach,A"]
[Black "Asgarizadeh,M"]
[Result "1/2-1/2"]
[WhiteElo "2170"]
[BlackElo "2106"]

1.e4 g6 2.d4 Bg7 3.Nc3 d6 4.f4 a6 5.Be2 Nd7 6.Be3 c5 7.Qd2 b5 8.Bf3 Bb7 9.e5 Bxf3
10.Nxf3 Nb6 11.b3 c4 12.Ne4 Nh6 13.O-O O-O 14.Rad1 d5 15.Nc5 e6 16.Bf2 Nd7
17.Bh4 Qc8 18.Nxd7 Qxd7 19.Bg5 Rac8 20.f5 Nxf5 21.g4 Ne7 22.Bxe7 Qxe7 23.g5 cxb3
24.cxb3 Rc6 25.Rf2 Rfc8 26.Rdf1 R8c7 27.Ne1 Qd8 28.Rf3 Bf8 29.h4 h5 30.Qf2 Qe8
31.Qg3 Rc1  1/2-1/2

[Event "WY GU18 2012"]
[Site "Maribor SLO"]
[Date "2012.11.12"]
[Round "5.29"]
[White "Akshaya,A"]
[Black "Comas Colon,Rinelly"]
[Result "1-0"]
[WhiteElo "1999"]
[BlackElo "1810"]

1.e4 g6 2.d4 Bg7 3.Nc3 d6 4.Nf3 Nf6 5.Bc4 c6 6.a4 O-O 7.O-O Nxe4 8.Nxe4 d5
9.Bd3 dxe4 10.Bxe4 Nd7 11.c3 Qc7 12.Re1 Nf6 13.Bc2 e6 14.Bd2 c5 15.dxc5 Qxc5
16.Be3 Qc7 17.Bd4 b6 18.Be5 Qd7 19.Qe2 Bb7 20.Nd4 Nd5 21.Bxg7 Kxg7 22.Rad1 Qe7
23.Qg4 Kg8 24.f4 Qf6 25.g3 a6 26.Be4 Rab8 27.Qf3 Ba8 28.Qg2 Ne7 29.Bxa8 Rxa8
30.Re5 Rfd8 31.Rde1 Ra7 32.Qe2 Rd6 33.Qc4 Kh8 34.Qe2 Nc6 35.Nxc6 Rxc6 36.Rd1 Kg7
37.Rd4 Qe7 38.Qd3 Rc5 39.Ree4 Rcc7 40.Rd6 Rd7 41.Red4 Rxd6 42.Rxd6 b5 43.a5 Ra8
44.Qd4+ Kh6 45.Rd7 Qf8 46.g4 f6 47.g5+ fxg5 48.fxg5+ Kxg5 49.h4+ Kf5 50.Rf7+  1-0

[Event "WY BU18 2012"]
[Site "Maribor SLO"]
[Date "2012.11.12"]
[Round "5.26"]
[White "Matijevic,Filip"]
[Black "Ferreira,Jor1"]
[Result "0-1"]
[WhiteElo "2164"]
[BlackElo "2402"]

1.e4 g6 2.d4 Bg7 3.Nc3 d6 4.Bg5 a6 5.a4 Nc6 6.Nge2 Nf6 7.h3 O-O 8.Qd2 Re8
9.g3 e5 10.d5 Nd4 11.Bg2 Bd7 12.Be3 Nxe2 13.Nxe2 Qc8 14.a5 Nh5 15.g4 Nf4
16.Nxf4 exf4 17.Bxf4 f5 18.gxf5 Bxf5 19.O-O-O Bxe4 20.f3 Bf5 21.h4 Qd7 22.Qb4 b6
23.Rhe1 Reb8 24.c3 bxa5 25.Qxa5 Rb5 26.Qa2 Rab8 27.Rd2 Bxc3  0-1

[Event "WY BU18 2012"]
[Site "Maribor SLO"]
[Date "2012.11.12"]
[Round "6.50"]
[White "Janzekovic,K"]
[Black "Figueroa Calderon,Gamaliel"]
[Result "1-0"]
[WhiteElo "1905"]
[BlackElo "1584"]

1.e4 d6 2.d4 g6 3.Nc3 Bg7 4.Be3 Nd7 5.Qd2 Ngf6 6.f3 O-O 7.Bh6 e6 8.O-O-O e5
9.Bxg7 Kxg7 10.g4 h5 11.g5 Nh7 12.dxe5 Nxe5 13.f4 Nc6 14.Nd5 f6 15.Qc3 Be6
16.Bc4 Kf7 17.f5 gxf5 18.exf5 Bxd5 19.Bxd5+ Kg7 20.g6 Ng5 21.h4  1-0

[Event "WY BU18 2012"]
[Site "Maribor SLO"]
[Date "2012.11.12"]
[Round "6.37"]
[White "Kyrkjebo,Erlend"]
[Black "Lapidus,M"]
[Result "0-1"]
[WhiteElo "2048"]
[BlackElo "2215"]

1.e4 d6 2.d4 g6 3.Nc3 Bg7 4.Be3 a6 5.Qd2 b5 6.h4 h5 7.Nh3 Nf6 8.Ng5 O-O 9.f3 Nbd7
10.O-O-O Bb7 11.g4 c5 12.gxh5 Nxh5 13.Ne2 cxd4 14.Bxd4 Ne5 15.Nf4 Ng3 16.h5 Nxh1
17.Qh2 Nxf3 18.Nxf3 Bxd4 19.hxg6 fxg6 20.Ng5 Rf7 21.Nxf7 Be3+ 22.Kb1 Bxf4
23.Qxf4 Qf8 24.Bc4 Ng3 25.Qxg3 bxc4 26.Qxg6+ Qg7 27.Nh6+ Kh8 28.Nf7+ Kg8
29.Nh6+ Kh8 30.Qe6 Rf8 31.Nf5 Qh7 32.Nxe7 Bxe4 33.Rg1 Bxc2+ 34.Kc1 Bb1 35.Ng6+ Bxg6
36.Rxg6 Rf1+ 37.Kd2 Qh2+ 38.Kc3 Rc1+ 39.Kb4 Qxb2+  0-1

[Event "WY BU18 2012"]
[Site "Maribor SLO"]
[Date "2012.11.12"]
[Round "6.15"]
[White "Forcen Esteban,D"]
[Black "Pop,A"]
[Result "1-0"]
[WhiteElo "2479"]
[BlackElo "2262"]

1.e4 d6 2.Nc3 g6 3.d4 Bg7 4.h3 e5 5.dxe5 dxe5 6.Qxd8+ Kxd8 7.Bc4 f6 8.f4 Nd7
9.Nf3 h6 10.fxe5 fxe5 11.Be3 c6 12.a4 b6 13.O-O g5 14.Bxg5+ hxg5 15.Nxg5 Ndf6
16.Nf7+ Ke7 17.Nxe5 Rh5 18.Nxc6+ Kd6 19.e5+ Kxc6 20.exf6 Nxf6 21.Be2 Be6
22.Rxf6 Bxf6 23.Bxh5 Bxc3 24.Bf3+ Bd5 25.Bxd5+ Kxd5 26.bxc3 Kc4 27.g4 Kxc3
28.Kg2 Kxc2 29.g5 Rg8 30.h4 a6 31.Kh3 b5 32.axb5 axb5 33.Ra6 b4 34.Rc6+ Kb2
35.Rb6 b3 36.g6 Kc2 37.h5 b2 38.Kh4 b1=Q 39.Rxb1 Kxb1 40.Kg5 Kc2 41.h6  1-0

[Event "WY BU14 2012"]
[Site "Maribor SLO"]
[Date "2012.11.12"]
[Round "6.13"]
[White "Schroeder,Ja"]
[Black "Asgarizadeh,A"]
[Result "1-0"]
[WhiteElo "2326"]
[BlackElo "2170"]

1.e4 g6 2.d4 Bg7 3.Nc3 d6 4.Nf3 a6 5.a4 b6 6.Be3 Bb7 7.h3 Nd7 8.Bd3 e6 9.Qd2 h6
10.Ne2 Ne7 11.Ng3 c5 12.c3 Qc7 13.O-O Nf6 14.Rfe1 Rd8 15.Qe2 Qc8 16.b4 cxb4
17.cxb4 Qa8 18.d5 exd5 19.Bxb6 Rd7 20.e5 Ne4 21.Nxe4 dxe4 22.Bxe4 Bxe4 23.Qxe4 Qxe4
24.Rxe4 d5 25.Ree1 O-O 26.Rac1 Re8 27.Bc5 Nc6 28.Bd6 Nd8 29.Red1 f6 30.Rxd5 Nf7
31.Rc7 Rxc7 32.Bxc7 fxe5 33.b5 e4 34.Nd4 axb5 35.axb5 Be5 36.b6 Bxc7 37.bxc7 Rc8
38.Ne6  1-0

[Event "22nd World Seniors Open"]
[Site "Kamena Vourla GRE"]
[Date "2012.11.13"]
[Round "1.9"]
[White "Davydov,M"]
[Black "Kristiansen,Jen"]
[Result "1/2-1/2"]
[WhiteElo "2034"]
[BlackElo "2429"]

1.e4 g6 2.d4 Bg7 3.Nc3 d6 4.Be3 a6 5.Qd2 Nd7 6.Nge2 b5 7.a3 Bb7 8.Nc1 c5
9.f3 cxd4 10.Bxd4 Ngf6 11.Nb3 O-O 12.Be2 Qc7 13.O-O Rad8 14.Rac1 e5 15.Be3 Nb6
16.Qe1 d5 17.exd5 Nfxd5 18.Nxd5 Nxd5 19.Bg5 f6 20.Bd2 Nb6 21.Ba5 Bd5 22.Qf2 Rb8
23.Nc5 Qa7 24.Bxb6 Qxb6 25.Nd7 Qc6 26.Nxb8 Rxb8 27.c3 Bh6 28.Rce1 Bb3 29.Bd1 Bc4
30.Be2 Bb3 31.Bd1 Bc4 32.Be2 Bb3  1/2-1/2

[Event "22nd World Seniors Open"]
[Site "Kamena Vourla GRE"]
[Date "2012.11.14"]
[Round "2.13"]
[White "Dogantug,I"]
[Black "Rantanen,Y"]
[Result "1/2-1/2"]
[WhiteElo "2138"]
[BlackElo "2346"]

1.e4 g6 2.d4 Bg7 3.Nc3 d6 4.Nf3 a6 5.Bc4 b5 6.Bd5 c6 7.Bb3 Qc7 8.a4 b4 9.Ne2 a5
10.O-O Nf6 11.e5 Nd5 12.Nf4 e6 13.Re1 O-O 14.Nxd5 cxd5 15.Bf4 dxe5 16.Nxe5 Qb6
17.Qd2 Nc6 18.Nxc6 Qxc6 19.Bh6  1/2-1/2

[Event "22nd World Seniors Women"]
[Site "Kamena Vourla GRE"]
[Date "2012.11.14"]
[Round "2.8"]
[White "Hoose,H"]
[Black "Lopatin,O"]
[Result "0-1"]
[WhiteElo "1750"]
[BlackElo "2091"]

1.e4 d6 2.d4 g6 3.Nc3 Bg7 4.Nf3 c6 5.Be2 Nf6 6.O-O O-O 7.Bd2 b5 8.a3 a5 9.d5 cxd5
10.exd5 Bb7 11.Bxb5 Nxd5 12.Na4 Nb6 13.Nc3 Nc6 14.Rb1 Qc7 15.Re1 Na7 16.Bf1 e5
17.Be3 Rfd8 18.Nb5 Nxb5 19.Bxb5 Nc4 20.Bc1 Qc5 21.a4 d5 22.b3 Nd6 23.Bf1 d4
24.Bb2 Rac8 25.Rc1 Ne4 26.Qd3 Qd5 27.Rcd1 Nxf2 28.Kxf2 e4 29.c4 Qc5 30.Qb1 exf3
31.gxf3 d3+ 32.Kg2 Qg5+ 33.Kh1 Bxf3+  0-1

[Event "WY BU18 2012"]
[Site "Maribor SLO"]
[Date "2012.11.14"]
[Round "7.7"]
[White "Idani,P"]
[Black "Liu,Chang"]
[Result "1-0"]
[WhiteElo "2462"]
[BlackElo "2336"]

1.e4 d6 2.d4 g6 3.Nc3 Bg7 4.Bg5 c6 5.Qd2 Qa5 6.f4 Nf6 7.Nf3 Nbd7 8.e5 dxe5
9.fxe5 Nd5 10.Bd3 Nxc3 11.bxc3 Nb6 12.O-O Be6 13.Qe2 h6 14.Bd2 Qd5 15.a4 Nc4
16.Bf4 g5 17.Bc1 O-O-O 18.Rb1 f6 19.Rb4 Na5 20.Re1 Bg4 21.Be4 Qd7 22.h3 Be6
23.Bd3 f5 24.Be3 Rhf8 25.Reb1 f4 26.Bf2 Bxh3 27.gxh3 Qxh3 28.Rxb7 Nxb7 29.Ba6 Rd7
30.e6 Rc7 31.Bxb7+ Kd8 32.Ba6 Rc8 33.Bxc8 g4 34.Qa6 gxf3 35.Qa5+  1-0

[Event "WY GU16 2012"]
[Site "Maribor SLO"]
[Date "2012.11.14"]
[Round "7.22"]
[White "Oliveira,Maria"]
[Black "Orlina,Laura"]
[Result "1-0"]
[WhiteElo "1969"]
[BlackElo "1618"]

1.e4 g6 2.d4 Bg7 3.Nc3 d6 4.f4 c6 5.Nf3 Bg4 6.Be3 Qb6 7.Qd2 Bxf3 8.gxf3 f5
9.O-O-O Nd7 10.h4 O-O-O 11.h5 Nh6 12.Rg1 Nf8 13.Kb1 d5 14.exd5 cxd5 15.Na4 Qc6
16.Qa5 Nd7 17.Qxa7 b5 18.Rd3 b4 19.Rc3 bxc3 20.Ba6+ Qxa6 21.Qxa6+ Kb8 22.bxc3  1-0

[Event "WY BU18 2012"]
[Site "Maribor SLO"]
[Date "2012.11.15"]
[Round "8.51"]
[White "Oberholzer,Francois"]
[Black "Ahmed,Deda"]
[Result "1-0"]
[WhiteElo "1860"]
[BlackElo "1935"]

1.e4 d6 2.d4 g6 3.Nc3 Bg7 4.Bg5 c5 5.d5 Nf6 6.Be2 Qb6 7.Qc1 Qb4 8.a3 Qa5
9.Qd2 a6 10.Nf3 Nbd7 11.O-O b5 12.b4 Qc7 13.Rab1 Ng4 14.Nd1 Nb6 15.Re1 cxb4
16.axb4 Bd7 17.h3 Ne5 18.Nxe5 Bxe5 19.f4 Bg7 20.Bf1 Rc8 21.Rc1 Na4 22.c4 bxc4
23.Rxc4 Qa7+ 24.Kh1 Rxc4 25.Bxc4 Bb5 26.Bxb5+ axb5 27.e5 O-O 28.Nf2 f6 29.exf6 exf6
30.Bh4 Nb6 31.Re6 Nc4 32.Qe2 Qd7 33.Ne4 Qa7 34.Kh2 g5 35.Bg3 gxf4 36.Bxf4 Ne5
37.Nxd6 Ng6 38.Qe3 Qc7 39.Bg3 f5 40.Nxf5  1-0

[Event "Brno Open 2012"]
[Site "Brno CZE"]
[Date "2012.11.16"]
[Round "8"]
[White "Tsenov,Tsvetoslav"]
[Black "Latas,B"]
[Result "0-1"]
[WhiteElo "2118"]
[BlackElo "2276"]

1.e4 g6 2.d4 Bg7 3.Nc3 d6 4.Nf3 Nf6 5.h3 O-O 6.Be3 a6 7.Qd2 b5 8.e5 b4 9.exf6 bxc3
10.Qxc3 exf6 11.O-O-O Nd7 12.h4 Nb6 13.Qd2 Bf5 14.Nh2 Qd7 15.g4 Be4 16.f3 Bd5
17.b3 a5 18.c4 a4 19.cxd5 axb3 20.axb3 Ra3 21.Qb4 Ra1+ 22.Kd2 Nxd5 23.Rxa1 Nxb4
24.Bc4 d5 25.Be2 Re8 26.Rhc1 f5 27.gxf5 Qe7 28.Ng4 Bxd4 29.Bxd4 Qxe2+  0-1

[Event "38th ch-BAN 2012"]
[Site "Dhaka BAN"]
[Date "2012.11.16"]
[Round "8.3"]
[White "Minhazuddin,A"]
[Black "Rahman,Zia"]
[Result "1-0"]
[WhiteElo "2408"]
[BlackElo "2525"]

1.e4 g6 2.d4 Bg7 3.Nc3 d6 4.Nf3 Nf6 5.h3 O-O 6.Bg5 Nc6 7.Qd2 a6 8.a4 b6 9.d5 Ne5
10.Nd4 Bb7 11.Be2 c5 12.Nb3 Qc7 13.O-O Kh8 14.Bh6 Rg8 15.Bxg7+ Rxg7 16.f4 Ned7
17.Qe3 Rag8 18.h4 h6 19.Bf3 g5 20.hxg5 hxg5 21.Kf2 gxf4 22.Rh1+ Nh7 23.Qxf4 Ne5
24.Rh2 Rg6 25.Rah1 R8g7 26.Rh5 Qd8 27.Qh4 Qg8 28.Qxe7 Bc8 29.Rxe5 dxe5 30.Qxe5 f6
31.Qf4 Bg4 32.Ne2 Bxf3 33.gxf3 Qc8 34.Nd2 Kg8 35.Nc4 Ng5 36.Qf5 Nxe4+ 37.fxe4 Qxf5+
38.exf5 Rg4 39.b3 b5 40.axb5 axb5 41.Ne3 Re4 42.Rh6 Kf7 43.Kf3 Re8 44.Nf4 Ke7
45.Ne6 Rf7 46.Nxc5 Rc8 47.Ne4 b4 48.d6+ Kd7 49.Nxf6+ Kxd6 50.Ne4+  1-0

[Event "WY BU18 2012"]
[Site "Maribor SLO"]
[Date "2012.11.16"]
[Round "9.19"]
[White "Bortnik,N"]
[Black "Guseynov,A"]
[Result "1-0"]
[WhiteElo "2387"]
[BlackElo "2139"]

1.e4 g6 2.d4 Bg7 3.Nc3 d6 4.h3 Nf6 5.g4 e5 6.dxe5 dxe5 7.Qxd8+ Kxd8 8.Bg5 c6
9.O-O-O+ Kc7 10.Nf3 Nbd7 11.a4 b6 12.Bc4 Rf8 13.Be3 Ne8 14.Ng5 Nd6 15.Bxf7 Nf6
16.Bb3 h6 17.Rxd6 Kxd6 18.Nf7+ Kc7 19.Nxe5 g5 20.Ng6 Rd8 21.e5 Nd5 22.Bxd5 cxd5
23.Nb5+ Kc6 24.Nd4+ Kb7 25.h4 Bxg4 26.hxg5 hxg5 27.f3 Bd7 28.Rh7 Rg8 29.Ne7 Ka6
30.Nxg8 Rxg8 31.Bxg5 Bxe5 32.Rxd7 Rxg5 33.Nc6 Bf4+ 34.Kb1 b5 35.a5 Be3 36.b4 Rg8
37.Rc7 Ra8 38.c3 Bf4 39.Rd7 Be3 40.Nd8 Bf4 41.Ne6  1-0

[Event "22nd World Seniors Open"]
[Site "Kamena Vourla GRE"]
[Date "2012.11.17"]
[Round "5.25"]
[White "Krstic,S AUS"]
[Black "Frick,C"]
[Result "1/2-1/2"]
[WhiteElo "2004"]
[BlackElo "2264"]

1.e4 g6 2.d4 Bg7 3.Nc3 d6 4.Be2 a6 5.Be3 Nd7 6.h4 h5 7.Nh3 Ngf6 8.Ng5 b5
9.f3 Bb7 10.Qd2 Rc8 11.Bd3 c5 12.dxc5 Nxc5 13.Rd1 Qc7 14.a3 O-O 15.O-O Rfd8
16.Qf2 e6 17.Be2 e5 18.Rd2 Rd7 19.Rfd1 Rcd8 20.Nd5 Nxd5 21.exd5 Re8 22.Ne4 Nxe4
23.fxe4 Rf8 24.c4 bxc4 25.Rc2 f5 26.exf5 gxf5 27.Rxc4 Qd8 28.Bxh5 f4 29.Bb6 Qf6
30.Bg4 Re7 31.Be6+ Rxe6 32.dxe6 Qxe6 33.Rc7 Ba8 34.Qc2 d5 35.Bc5 Re8 36.Qf2 Qg4
37.Qf3 Qxh4 38.Bf2 Qg5 39.Qh3 d4 40.Qb3+ Kh8 41.Qh3+ Qh6 42.Rc8 Rf8 43.Qf5 Qd6
44.Rdc1 Bb7 45.Rxf8+ Bxf8 46.Be1 d3 47.Rd1 e4 48.Bc3+ Bg7 49.Qh5+ Kg8 50.Qe8+ Bf8
51.Bb4 Qd4+ 52.Kf1 Qf6 53.Bc3 Qh6 54.Kg1 Bc6 55.Qe5 Bd6 56.Qf5 Bb7 57.Qg4+ Kf8
58.Qf5+ Ke7 59.Re1 f3 60.g3 f2+ 61.Qxf2 Qg5 62.Kh2 Qh5+ 63.Kg1 Qg5 64.Kh2 Bc5
65.Bf6+ Qxf6 66.Qxc5+ Kd7 67.Qb4 Bc6 68.Qd2 Bd5 69.Re3 Qf5 70.Kg2 Be6 71.Qe1 Bd5
72.Qd1 Qe5 73.Qd2 Qd4 74.Kf2 Qh8 75.Kg1 Qd4 76.Kf2 Qh8 77.Kg1  1/2-1/2

[Event "TCh-AUT 2 East 2012-13"]
[Site "Austria AUT"]
[Date "2012.11.18"]
[Round "4.4"]
[White "Weissenbeck,M"]
[Black "Gstach,Jakob"]
[Result "1-0"]
[WhiteElo "2238"]
[BlackElo "2120"]

1.d4 g6 2.e4 Bg7 3.Nc3 d6 4.f4 a6 5.a4 b6 6.Nf3 e6 7.Bc4 Ne7 8.O-O O-O 9.Be3 Bb7
10.e5 Bxf3 11.Qxf3 d5 12.Bd3 Nd7 13.Ne2 c5 14.c3 cxd4 15.cxd4 Nc6 16.Bd2 f5
17.exf6 Nxf6 18.Bc3 Na5 19.Rae1 Nc4 20.Ng3 Re8 21.h4 b5 22.b4 Nd6 23.h5 Kf7
24.Re5 bxa4 25.hxg6+ hxg6 26.Rg5 Nf5 27.Ne2 Rh8 28.g4 Ne7 29.Ng3 Rh3 30.f5 gxf5
31.gxf5 exf5 32.Rxg7+ Kxg7 33.Nxf5+ Nxf5 34.Qxh3 Nh6 35.Bd2 Nhg4 36.Bf5 Qb6
37.Rf4 a3 38.Rxg4+ Nxg4 39.Qxg4+ Kf8 40.Be6 Qc7 41.Qg8+ Ke7 42.Qf7+  1-0

[Event "38th ch-BAN 2012"]
[Site "Dhaka BAN"]
[Date "2012.11.18"]
[Round "10.4"]
[White "Kabir,Md S"]
[Black "Rahman,Zia"]
[Result "0-1"]
[WhiteElo "2089"]
[BlackElo "2525"]

1.e4 d6 2.d4 g6 3.Nc3 Bg7 4.Nf3 Nf6 5.h3 c6 6.Bg5 O-O 7.Qd2 Nbd7 8.O-O-O b5
9.Bd3 e5 10.dxe5 Nxe5 11.Nxe5 dxe5 12.Ne2 Be6 13.Kb1 Qb6 14.Qe3 Nd7 15.Nc1 f6
16.Qxb6 axb6 17.Be3 Rf7 18.Be2 Bf8 19.Bg4 f5 20.exf5 Bxf5 21.Bf3 e4 22.Be2 Nc5
23.b3 Nd7 24.Rhf1 Re8 25.Rg1 Be6 26.Rgf1 b4 27.Rd2 Bd5 28.h4 Bc5 29.Rdd1 Nf6
30.Kb2 Kg7 31.c3 bxc3+ 32.Kxc3 h5 33.Bxc5 bxc5 34.f3 exf3 35.Bxf3 Ne4+ 36.Bxe4 Rxf1
37.Rxf1 Rxe4 38.Nd3 Re3 39.Kd2 Rg3 40.Nf4 Rg4 41.Rf2 Rxh4 42.Nxd5 cxd5 43.a4 Rb4
44.Rf3 Kh6 45.Kc2 d4 46.Rg3 g5 47.Rf3 h4 48.Rf6+ Kh5 49.Rc6 d3+ 50.Kxd3 Rxb3+
51.Ke2 Rb2+ 52.Kf1 Rc2 53.a5 Kg4 54.a6 Kg3 55.a7 Ra2 56.Rxc5 Ra1+ 57.Ke2 g4  0-1

[Event "TCh-FIN SM 2012-13"]
[Site "Jyvaskyla FIN"]
[Date "2012.11.18"]
[Round "7.5"]
[White "Maki,V"]
[Black "Verkasalo,T"]
[Result "1/2-1/2"]
[WhiteElo "2383"]
[BlackElo "2174"]

1.e4 g6 2.d4 Bg7 3.Nc3 d6 4.f4 Nf6 5.Nf3 O-O 6.Bd3 Na6 7.O-O c5 8.d5 Bg4
9.Bc4 Nc7 10.a4 e6 11.dxe6 Bxe6 12.Bxe6 fxe6 13.e5 dxe5 14.Nxe5 Qxd1 15.Rxd1 Ncd5
16.Nb5 Ne4 17.Re1 a6 18.Nc7 Nxc7 19.Rxe4 Rad8 20.Be3 Nd5 21.Bd2 Nb4 22.Bxb4 cxb4
23.Rxb4 Rd2 24.Rf1 Rxc2 25.Rxb7 Rd8 26.Nf3 Rxb2 27.Rxb2 Bxb2 28.Rb1 Rb8 29.Re1 Rb4
30.Rxe6 Rxa4 31.g3 a5 32.Ng5 Rc4 33.Ra6 a4 34.Ra8+ Kg7 35.Ra7+ Kg8 36.Ra8+ Kg7
37.Ra7+ Kg8  1/2-1/2